England's first demonologist: Reginald Scot & 'The Discoverie of Witchcraft'
| Beteiligte: | |
|---|---|
| Medienart: | Druck Buch |
| Sprache: | Englisch |
| Subito Bestelldienst: | Jetzt bestellen. |
| Verfügbarkeit prüfen: | HBZ Gateway |
| WorldCat: | WorldCat |
| Fernleihe: | Fernleihe für die Fachinformationsdienste |
| Veröffentlicht: |
London [u.a.]
I. B. Tauris
2014
|
| In: | Jahr: 2014 |
| normierte Schlagwort(-folgen): | B
Scot, Reginald 1538-1599, The discoverie of witchcraft
/ Dämonologie
/ Magie
/ Hexerei
|
| weitere Schlagwörter: | B
Great Britain
Intellectual life
16th century
B Scot, Reginald 1538?-1599 B Demonology History 16th century Great Britain B Witchcraft History 16th century Great Britain |
MARC
| LEADER | 00000cam a2200000 c 4500 | ||
|---|---|---|---|
| 001 | 1612549527 | ||
| 003 | DE-627 | ||
| 005 | 20251225194803.0 | ||
| 007 | tu | ||
| 008 | 141209s2014 xxk||||| 00| ||eng c | ||
| 016 | 7 | |a GBB481392 |2 UK | |
| 020 | |a 9781780769639 |c pbk. |9 978-1-78076-963-9 | ||
| 020 | |a 1780769636 |c pbk. |9 1-78076-963-6 | ||
| 024 | 3 | |a 9781780769639 | |
| 035 | |a (DE-627)1612549527 | ||
| 035 | |a (DE-576)422644226 | ||
| 035 | |a (DE-599)BSZ422644226 | ||
| 035 | |a (OCoLC)894833315 | ||
| 035 | |a (OCoLC)885450741 | ||
| 040 | |a DE-627 |b ger |c DE-627 |e rakwb | ||
| 041 | |a eng | ||
| 044 | |c XA-GB | ||
| 082 | 0 | |a 133.4094109031 | |
| 084 | |a 0 |2 ssgn | ||
| 245 | 0 | 0 | |a England's first demonologist |b Reginald Scot & 'The Discoverie of Witchcraft' |c Philip C. Almond |
| 264 | 1 | |a London [u.a.] |b I. B. Tauris |c 2014 | |
| 300 | |a IX, 246 S. |b 1 Ill. | ||
| 336 | |a Text |b txt |2 rdacontent | ||
| 337 | |a ohne Hilfsmittel zu benutzen |b n |2 rdamedia | ||
| 338 | |a Band |b nc |2 rdacarrier | ||
| 500 | |a Orig. publ.: 2011. - Enth. Faks. des Titelbl. der Orig.-Ausg. 1584 | ||
| 600 | 1 | 0 | |a Scot, Reginald 1538?-1599 |
| 601 | |a England | ||
| 650 | 0 | |a Witchcraft |x History |x 16th century |x Great Britain | |
| 650 | 0 | |a Demonology |x History |x 16th century |x Great Britain | |
| 651 | 0 | |a Great Britain |x Intellectual life |x 16th century | |
| 689 | 0 | 0 | |d u |0 (DE-588)4686739-9 |0 (DE-627)348904118 |0 (DE-576)215029658 |a Scot, Reginald |2 gnd |d 1538-1599 |t The discoverie of witchcraft |
| 689 | 0 | 1 | |d s |0 (DE-588)4148740-0 |0 (DE-627)105566454 |0 (DE-576)209766980 |2 gnd |a Dämonologie |
| 689 | 0 | 2 | |d s |0 (DE-588)4036966-3 |0 (DE-627)106239945 |0 (DE-576)209021527 |2 gnd |a Magie |
| 689 | 0 | 3 | |d s |0 (DE-588)4138802-1 |0 (DE-627)105639974 |0 (DE-576)209689129 |2 gnd |a Hexerei |
| 689 | 0 | |5 (DE-627) | |
| 700 | 1 | |0 (DE-588)1049483294 |0 (DE-627)782039634 |0 (DE-576)160060168 |4 oth |a Almond, Philip C. |d 1950- | |
| 951 | |a BO | ||
| ELC | |b 1 | ||
| ORI | |a SA-MARC-ixtheo_oa001.raw | ||
| REL | |a 1 | ||
| STA | 0 | 0 | |a Demonology,Magic,Magic,Spell,Charm,Magic in art,Witchcraft,Witchcraft |
| STB | 0 | 0 | |a Démonologie,Magie,Magie,Sorcellerie,Sorcellerie |
| STC | 0 | 0 | |a Brujería,Brujería,Demonología,Magía,Magía,Magia |
| STD | 0 | 0 | |a Demonologia,Magia,Magia,Stregoneria,Stregoneria |
| STE | 0 | 0 | |a 巫术,巫术,法术,法术,魔法,巫术,魔法,巫术,魔鬼学 |
| STF | 0 | 0 | |a 巫術,巫術,法術,法術,魔法,巫術,魔法,巫術,魔鬼學 |
| STG | 0 | 0 | |a Bruxaria,Bruxaria,Demonologia,Magia,Magia |
| STH | 0 | 0 | |a Демонология,Колдовство (мотив),Колдовство,Магия (мотив),Магия |
| STI | 0 | 0 | |a Δαιμονολογία,Μαγεία (μοτίβο),Μαγεία |
| SUB | |a REL | ||
| SYG | 0 | 0 | |a Dämonenlehre , Zauber,Zauberei,Artes magicae,Magische Künste,Zauberkunst <Magie>,Zauber,Zauberei,Artes magicae,Magische Künste,Zauberkunst |



